00317nam a2200121Ia 4500008004100000041000800041082001700049100001600066245004500082260002800127300003100155365000900186240624s9999 xx 000 0 und d aeng a658.4012 LAN aLANE MARC J aMISSION DRIVEN VENTURE BUSINESS SOLUTION c2015aNew JerseybWiley axix, : 267 : p. : cm. ; 23 cb30